Guía de estudios; en bahía blanca /
Guardado en:
| Autor Principal: | |
|---|---|
| Formato: | Libro |
| Publicado: |
Bahía Blanca :
Tm Publicidad,
2003
|
| Edición: | 2a. ed. |
| Materias: | |
| Etiquetas: |
Agregar Etiqueta
Sin Etiquetas, Sea el primero en etiquetar este registro!
|
| LEADER | 00696nam a22002295a 4500 | ||
|---|---|---|---|
| 001 | CEM.cems011353 | ||
| 005 | 20060214000000.0 | ||
| 008 | 130507s2003##################000#0#####d | ||
| 003 | CEMS | ||
| 082 | 0 | 4 | |a F378 |
| 100 | 1 | |a Tumoletti, Pablo G. | |
| 245 | 1 | 0 | |a Guía de estudios; en bahía blanca / |
| 250 | |a 2a. ed. | ||
| 260 | |a Bahía Blanca : |b Tm Publicidad, |c 2003 | ||
| 300 | |a 22 p. | ||
| 653 | |a Educacion | ||
| 653 | |a Educacion superior | ||
| 653 | |a Guias de estudio-2003 | ||
| 653 | |a Bahia blanca-carreras de nivel | ||
| 653 | |a Bahia blanca-carreras terciari | ||
| 859 | |a CEMS |b BIB. CEMS - 11 de abril |h F378 |i 6 |p 1951.44 |t Ej.1 | ||
| 859 | |a CEMS |b BIB. CEMS - 11 de abril |h F378 |i 6 |p 1952.44 |t Ej.2 | ||
